00813nam a22002417a 4500003000500000005001700005008004100022010001000063011001000073020001500083035001100098040000900109082001800118100002300136245009600159260004700255300003800302490005200340650004100392650004400433650004200477830005200519CHAP20220329143342.0081118s2004 us r 00010 eng d a95393 a96365 a0821356688 a107017 cCHAP04a305.0972bD361 aDe Ferranti, David10aInequality in Latin America :bbreaking with historyc/by David de Ferranti ...[and others] aWashington, D.C. :bThe World Bank,cc2004 axii, 380 p. :bgráfs. ; cuadros 0aWorld Bank Latin American and Caribbean studies14aAmerica LatinaxAspectos economicos.14aAmerica LatinaxCondiciones economicas.14aAmerica LatinaxCondiciones sociales. 0aWorld Bank Latin American and Caribbean studies